| 000 | 01029nam a2200325 i 4500 | ||
|---|---|---|---|
| 001 | 000047418 | ||
| 003 | DO-SdBNP | ||
| 005 | 20250206101004.0 | ||
| 007 | ta | ||
| 008 | 100903s2007 dr 000 f spa d | ||
| 020 | _89789945855333 | ||
| 040 |
_aDO-SdBNP _bspa _cBNPHU _erda |
||
| 041 | _aspa | ||
| 082 | 4 |
_aRD863.44 _bD611m _222 |
|
| 100 | 1 |
_aDisla, Edwin, _d1961- _eautor _4aut. _928921 |
|
| 245 | 1 | 0 |
_aManolo / _cEdwin Disla. |
| 246 | 1 | 4 |
_aManolo : _bnovela histórica |
| 264 | 1 |
_aSanto Domingo : _bEditora Yan impresos, _c2007. |
|
| 300 |
_a642 páginas ; _c22 cm. |
||
| 336 |
_atexto _btxt _2rdacontent |
||
| 337 |
_asin mediación _bn _2rdamedia |
||
| 338 |
_avolumen _bnc _2rdacarrier |
||
| 500 | _aIncluye datos biográficos del autor en la solapa de la cubierta | ||
| 590 | _aInventariado, 2018/VM | ||
| 600 | 1 | 4 |
_aTavárez, Manolo, _d1931-1963. _983133 |
| 650 | 4 |
_aNovela histórica domincana _944449 |
|
| 650 | 4 |
_aLiteratura dominicana. _967 |
|
| 910 | _aValidado. Control de calidad MFF | ||
| 942 |
_2ddc _cLBS1 |
||
| 999 |
_c46906 _d46906 |
||